000 00442nam a22001217a 4500
999 _c9499
_d9499
003 OSt
008 201203b ||||| |||| 00| 0 eng d
245 _aIndian Journal of Mechanical Engineering Reasearch
250 _a2014(Jul-Dec Vol.4 No.2) 2015(Jan-Jun Vol.5 No.1, Jul-Dec Vol.5 No.2) 2016(Jan-Jun Vol.6 No.1, Jul-Dec Vol.6 No.2)
260 _aNew Delhi
_bGBS Publishers And Distributors
650 _aMechanical Engineering
942 _2ddc
_cBV